000 00781nam a2200229 i 4500
001 188988
003 ES-MaACL
005 20230906223341.0
007 t|
008 190311s1973 sp ||||1| spa d
245 0 0 _aTeatros y comedias en Madrid
_b: 1651-1665 /
_cestudio y documentos J. E. Valey y N. D. Shergold.
260 _aLondon :
_bTamesis Books,
_c[1973]
300 _a258 p. ;
_c24 cm.
490 1 _aFuentes para la historia del teatro en España ;
_v4
650 4 _aTeatro-
_zMadrid-
_yS.XVII.
_9166595
650 0 4 _aTeatro-
_zEspaña-
_yS.XVII.
_917305
700 0 _aShergold, N. D.
_9106096
700 0 _aVarey, J. E.
_9113184
830 0 _aFuentes para la historia del teatro en España ;
_v4
_9187314
852 _aES-MaACL
_jP-564-4
999 _c188988
_d188988